Statistiken für Fußball: Trainer von Hertha BSC

Klicken Sie hier um das Quiz zu spielen!

Allgemein

  • Dieses Quiz wurde 264 mal gespielt
    (185 seit der letzten Aktualisierung)
  • Das Durchschnittsergebnis liegt bei 11 aus 19

Antwortstatistiken

AmtszeitErfolge / AnmerkungenTrainer% Korrekt
2015 - 2019Qualifikation für die Europa LeaguePál Dárdai
96%
2021nach 2015-19 erneut TrainerPál Dárdai
96%
2019 - 2020zuvor AufsichtsratJürgen Klinsmann
88%
2022hat den Abstieg verhindertFelix Magath
86%
2022 -zuvor in Russland tätigSandro Schwarz
84%
2020 - 2021Platz 10Bruno Labbadia
71%
2019zuvor Trainer der AmateureAnte Čović
69%
2021 - 2022trainierte zuvor u. a. Stuttgart und HannoverTayfun Korkut
68%
2012 - 2015Aufstieg in die 1. BundesligaJos Luhukay
54%
2012Abstieg in der Relegation gegen DüsseldorfOtto Rehhagel
53%
2007 - 2009Qualifikation für den UEFA-CupLucien Favre
46%
1996 - 2002Aufstieg in die 1. Bundesliga, Qualifikation für die Champions LeagueJürgen Röber
40%
2010 - 2011Aufstieg in die 1. BundesligaMarkus Babbel
38%
2009 - 2010Abstieg in die 2. BundesligaFriedhelm Funkel
37%
2011 - 20125 Spiele, 5 NiederlagenMichael Skibbe
36%
2002 - 2003Qualifikation für den UEFA-CupHuub Stevens
33%
2002zuvor Trainer der AmateureFalko Götz
32%
2004 - 2007nach 2002 erneut Trainer, Qualifikation für den UEFA-CupFalko Götz
32%
2003 - 2004KlassenerhaltHans Meyer
24%

Verteilung der Resultate

Perzentil nach korrekt beantworteten Fragen

Anzahl Personen mit jedem Resultat

Ihre Resultats-Entwicklung

Sie haben dieses Quiz seit der letzten Aktualisierung nicht gespielt